[Event "Leiden SB-ch 1920"]
[Site "Leiden"]
[Date "2019.11.29"]
[Round "2"]
[White "Binnendijk, Daan"]
[Black "Hensbergen, Willem"]
[Result "0-1"]
[WhiteElo "1834"]
[BlackElo "2062"]
[PlyCount "87"]
[EventDate "2019.11.08"]
[EventType "swiss"]
[EventRounds "7"]
[EventCountry "NED"]
[SourceTitle "EXT 2023"]
[Source "ChessBase"]
[SourceDate "2022.10.05"]
[SourceVersion "1"]
[SourceVersionDate "2022.10.05"]
[SourceQuality "1"]

1. d4 c5 2. c3 cxd4 3. cxd4 Nf6 4. Nc3 d5 5. Nf3 g6 6. Qb3 Nc6 7. Bf4 Bg7 8. e3 0-0 9. Bd3 Qa5 10. a3 Nh5 11. Bg5 e5 12. dxe5 Nxe5 13. Nxe5 Bxe5 14. Rc1 d4 15. exd4 Bxd4 16. Qb5 Qxb5 17. Bxb5 a6 18. Bd3 Re8+ 19. Kf1 b5 20. Be4 Ra7 21. Bf3 f6 22. Bd2 Ng7 23. g4 Ne6 24. Kg2 Nc5 25. Rhe1 Rxe1 26. Rxe1 Kf7 27. b4 Ne6 28. Ne4 Rd7 29. Be3 Bxe3 30. Rxe3 Bb7 31. Nd6+ Rxd6 32. Bxb7 Nf4+ 33. Kg3 g5 34. Kf3 Nd3 35. Be4 Ne5+ 36. Kg3 h6 37. f4 Nc4 38. Rc3 Rd4 39. Bb7 gxf4+ 40. Kh4 Rd6 41. a4 Kg7 42. axb5 axb5 43. Rf3 Ne5 44. Kh5 0-1

[Event "Leiden SB-chB"]
[Site "Leiden"]
[Date "2014.06.10"]
[Round "5"]
[White "Van Osch, Lo"]
[Black "Binnendijk, Daan"]
[Result "1/2-1/2"]
[WhiteElo "1451"]
[BlackElo "1827"]
[PlyCount "112"]
[EventDate "2014.05.13"]
[EventType "swiss"]
[EventRounds "7"]
[EventCountry "NED"]
[SourceTitle "EXT 2015"]
[Source "ChessBase"]
[SourceDate "2014.11.20"]
[SourceVersion "1"]
[SourceVersionDate "2014.11.20"]
[SourceQuality "1"]

1. e4 c5 2. Nf3 g6 3. d4 cxd4 4. Nxd4 Bg7 5. c4 Nf6 6. Nc3 0-0 7. Be3 d6 8. Be2 Nc6 9. f3 Be6 10. Nxe6 fxe6 11. 0-0 Rc8 12. Rc1 Qd7 13. Qd2 Rfd8 14. Rfd1 Qe8 15. Bg5 Qf7 16. Qf4 e5 17. Qh4 Nd4 18. Bf1 a6 19. Nd5 Ne6 20. Be3 Nxd5 21. cxd5 Nd4 22. Qg4 Rxc1 23. Rxc1 h5 24. Qh3 Qe8 25. Rc7 Rb8 26. Bxd4 exd4 27. Qe6+ Kf8 28. e5 Bxe5 29. Bd3 Qf7 30. Bxg6 Qxe6 31. dxe6 h4 32. Kf1 Bxh2 33. Bf7 Be5 34. Ke2 Bf6 35. Kd3 Kg7 36. Rc2 Kh6 37. Re2 Rc8 38. Re4 Rc5 39. Rg4 Rg5 40. Rxh4+ Kg7 41. g4 Rb5 42. Rh2 Ra5 43. a3 Rb5 44. f4 d5 45. g5 Rb3+ 46. Kc2 Rf3 47. gxf6+ Kxf6 48. Rd2 Rxf4 49. Kd3 Ke5 50. Rc2 Rf3+ 51. Kd2 d3 52. Rc3 Kd4 53. Bg6 Rf2+ 54. Kd1 Rf1+ 55. Kd2 Rf2+ 56. Kd1 Rf1+ 1/2-1/2

[Event "Leiden SB-chB"]
[Site "Leiden"]
[Date "2014.05.20"]
[Round "2"]
[White "Binnendijk, Daan"]
[Black "Uittenbogaard, Rob"]
[Result "1-0"]
[WhiteElo "1827"]
[BlackElo "1600"]
[PlyCount "39"]
[EventDate "2014.05.13"]
[EventType "swiss"]
[EventRounds "7"]
[EventCountry "NED"]
[SourceTitle "EXT 2015"]
[Source "ChessBase"]
[SourceDate "2014.11.20"]
[SourceVersion "1"]
[SourceVersionDate "2014.11.20"]
[SourceQuality "1"]

1. d4 d5 2. Nf3 Nf6 3. Bf4 e6 4. c3 Be7 5. Nbd2 0-0 6. e3 Nbd7 7. Bd3 c5 8. h4 Nh5 9. Bxh7+ Kh8 10. Bd3 Nxf4 11. exf4 Nf6 12. Ne5 Bd7 13. g4 Be8 14. g5 Nh7 15. Qh5 g6 16. Qh6 Rg8 17. h5 Bf8 18. Qxh7+ Kxh7 19. hxg6+ Kg7 20. Rh7# 1-0